Countries That Gained The Most Population In 2024 - Statistics

General Stats
  • This quiz has been taken 20 times
  • The average score is 7 of 10
Answer Stats
Growth Rate Answer % Correct
+3.66% Niger
95%
+3.01% Chad
89%
+3.11% DRC
89%
+2.9% Mali
84%
+4.65% South Sudan
68%
+3.18% Uganda
68%
+2.83% Zambia
53%
+3.29% Benin
42%
+3.33% Angola
37%
+3.23% Equatorial Guinea
32%
No matching quizzes found
Score Distribution
Percent of People with Each Score
Percentile by Number Answered
Your Score History
You have not taken this quiz